| 000 | 00552nam a2200181Ia 4500 | ||
|---|---|---|---|
| 008 | 151018s9999 xx 000 0 und d | ||
| 082 |
_bRBASDV7568 _a891.463 |
||
| 100 | _aहरी नारायण आपटे | ||
| 245 | _aकालकूट | ||
| 250 | _b4 | ||
| 260 |
_bरम्यकथा प्रकाशन _c1972 |
||
| 300 | _a160 | ||
| 600 | _aहरी नारायण आपटे | ||
| 630 | _aकालकूट | ||
| 700 | _aहरी नारायण आपटे | ||
| 730 | _aकालकूट | ||
| 942 | _cBOOK | ||
| 999 |
_c1009933 _d1009930 |
||